000 00229nam a2200109Ia 4500
008 210707s9999 xx 000 0 und d
041 _aeng
082 _aCD96
100 _aEFY
245 _aE pages 2005
906 _a2005 E pages
999 _c177130
_d177130